Выявление элемента со сниженным сопротивлением изоляции в разветвленной электрической сети постоянного оперативного тока; Известия Томского политехнического университета [Известия ТПУ]; Т. 317, № 4: Энергетика
| Parent link: | Известия Томского политехнического университета [Известия ТПУ]/ Томский политехнический университет (ТПУ).— , 2000- Т. 317, № 4: Энергетика.— 2010.— [С. 89-94] |
|---|---|
| Tác giả chính: | |
| Tác giả khác: | |
| Tóm tắt: | Заглавие с титульного листа Электронная версия печатной публикации Предлагается способ выявления элемента с пониженным сопротивлением изоляции в разветвленной сети постоянного оперативного тока электростанций и подстанций, основанный на изменении фазы тока в поврежденном присоединении за счет появления активной составляющей проводимости при появлении тока утечки. Для этого предлагается применить одновременное наложение на сеть синусоидального контрольного тока и импульсов тока высокой частоты, синхронизированных с моментом перехода через ноль напряжения синусоидального сигнала на полюсах сети. |
| Ngôn ngữ: | Tiếng Nga |
| Được phát hành: |
2010
|
| Loạt: | Энергетика |
| Những chủ đề: | |
| Truy cập trực tuyến: | http://www.lib.tpu.ru/fulltext/v/Bulletin_TPU/2010/v317/i4/23.pdf |
| Định dạng: | Điện tử Chương của sách |
| KOHA link: | https://koha.lib.tpu.ru/cgi-bin/koha/opac-detail.pl?biblionumber=192928 |
MARC
| LEADER | 00000nla2a2200000 4500 | ||
|---|---|---|---|
| 001 | 192928 | ||
| 005 | 20240115153647.0 | ||
| 035 | |a (RuTPU)RU\TPU\book\210358 | ||
| 035 | |a RU\TPU\book\210314 | ||
| 090 | |a 192928 | ||
| 100 | |a 20110311d2010 k y0rusy50 ca | ||
| 101 | 0 | |a rus | |
| 102 | |a RU | ||
| 135 | |a drnn ---uucaa | ||
| 181 | 0 | |a i | |
| 182 | 0 | |a b | |
| 200 | 1 | |a Выявление элемента со сниженным сопротивлением изоляции в разветвленной электрической сети постоянного оперативного тока |f В. В. Шестакова, И.С. Исаев | |
| 203 | |a Текст |c электронный | ||
| 215 | |a 1 файл (151 Кб) | ||
| 225 | 1 | |a Энергетика | |
| 300 | |a Заглавие с титульного листа | ||
| 300 | |a Электронная версия печатной публикации | ||
| 320 | |a [Библиогр.: с. 110 (6 назв.)] | ||
| 330 | |a Предлагается способ выявления элемента с пониженным сопротивлением изоляции в разветвленной сети постоянного оперативного тока электростанций и подстанций, основанный на изменении фазы тока в поврежденном присоединении за счет появления активной составляющей проводимости при появлении тока утечки. Для этого предлагается применить одновременное наложение на сеть синусоидального контрольного тока и импульсов тока высокой частоты, синхронизированных с моментом перехода через ноль напряжения синусоидального сигнала на полюсах сети. | ||
| 337 | |a Adobe Reader | ||
| 461 | 1 | |0 (RuTPU)RU\TPU\book\176237 |t Известия Томского политехнического университета [Известия ТПУ] |f Томский политехнический университет (ТПУ) |d 2000- | |
| 463 | 1 | |0 (RuTPU)RU\TPU\book\210108 |t Т. 317, № 4: Энергетика |v [С. 89-94] |d 2010 |p 196 с. | |
| 610 | 1 | |a постоянный оперативный ток | |
| 610 | 1 | |a изоляция | |
| 610 | 1 | |a ток | |
| 610 | 1 | |a импульсы | |
| 610 | 1 | |a синусоидальный ток | |
| 610 | 1 | |a труды учёных ТПУ | |
| 610 | 1 | |a электронный ресурс | |
| 610 | 1 | |a сопротивление | |
| 700 | 1 | |a Шестакова |b В. В. |c специалист в области электротехники |c доцент Томского политехнического университета, кандидат технических наук |f 1968- |g Вера Васильевна |3 (RuTPU)RU\TPU\pers\26814 |9 12439 | |
| 701 | 1 | |a Исаев |b И.С. | |
| 801 | 1 | |a RU |b 63413507 |c 20090623 |g PSBO | |
| 801 | 2 | |a RU |b 63413507 |c 20211223 |g PSBO | |
| 856 | 4 | |u http://www.lib.tpu.ru/fulltext/v/Bulletin_TPU/2010/v317/i4/23.pdf | |
| 942 | |c CF | ||